| 000 | nam a22 a 4500 | ||
|---|---|---|---|
| 999 |
_c1619 _d1619 |
||
| 005 | 20170511103635.0 | ||
| 008 | 170511s1992 enkabch | 001 | eng d | ||
| 020 | _a0075551055 | ||
| 040 | _aAKMAL | ||
| 082 | _a327 PEA | ||
| 090 |
_a327 _bPEA |
||
| 100 | 1 |
_a Pearson, Frederic S. _93291 |
|
| 245 | 1 | 0 |
_aInternational relations _b the global condition in the late twentieth century _c Frederic S. Pearson, J. Martin Rochester. |
| 250 | _a3rd ed | ||
| 260 |
_aNew York, London _bMcGraw-Hill, _c1992. |
||
| 300 |
_a xx,668p. : _bill(some col.), facsims.,col.maps,ports. ; _c24cm. |
||
| 500 | _a Previous ed.: New York : Random House, 1988. | ||
| 599 | _aDALAM PROSES | ||
| 650 | 0 |
_a International relations. _9282 |
|
| 700 | 1 |
_aRochester, J. Martin. _93292 |
|
| 852 | 4 | 1 |
_a British Library _bDSC |
| 852 | 4 | 1 |
_aBritish Library _b HMNTS |
| 942 |
_2ddc _cBOOK |
||